| 000 -LEADER |
| fixed length control field |
00390nam a22001217a 4500 |
| 008 - FIXED-LENGTH DATA ELEMENTS--GENERAL INFORMATION |
| fixed length control field |
260625b ||||| |||| 00| 0 eng d |
| 100 ## - MAIN ENTRY--PERSONAL NAME |
| Personal name |
Kothari, Rita |
| 245 ## - TITLE STATEMENT |
| Title |
Maleer: The metaphysics of home |
| 260 ## - PUBLICATION, DISTRIBUTION, ETC. (IMPRINT) |
| Place of publication, distribution, etc |
India International Center Quarterly |
| 300 ## - PHYSICAL DESCRIPTION |
| Extent |
52 (3&4), Winter 2025- Summer 2026: p.100-111 |
| 773 ## - HOST ITEM ENTRY |
| Main entry heading |
India International Center Quarterly |
| 942 ## - ADDED ENTRY ELEMENTS (KOHA) |
| Item type |
Articles |